ARRUPE JESUIT UNIVERSITY

CORONAVIRUS -STOP THE SPREAD - CLEAN,DISINFECT,COVER

The origins and growth of Mau Mau : (Record no. 122988)

MARC details
000 -LEADER
fixed length control field 01282cam a2200337Ia 4500
001 - CONTROL NUMBER
control field 5619796
003 - CONTROL NUMBER IDENTIFIER
control field ARRUPE
005 - DATE AND TIME OF LATEST TRANSACTION
control field 20150716174715.0
008 - FIXED-LENGTH DATA ELEMENTS--GENERAL INFORMATION
fixed length control field 760407s1960 ke bf b f001 0 eng d
029 1# - (OCLC)
OCLC library identifier NLGGC
System control number 067147984
029 1# - (OCLC)
OCLC library identifier NLGGC
System control number 19852529X
035 ## - SYSTEM CONTROL NUMBER
System control number (OCoLC)ocm02098091
035 ## - SYSTEM CONTROL NUMBER
System control number (NNC)5619796
040 ## - CATALOGING SOURCE
Original cataloging agency COO
Transcribing agency COO
Modifying agency CUS
-- OCL
-- OCLCQ
-- ZCU
043 ## - GEOGRAPHIC AREA CODE
Geographic area code f-ke---
050 ## - LIBRARY OF CONGRESS CALL NUMBER
Classification number DT434.E2
Item number .C64
300 ## - PHYSICAL DESCRIPTION
Other physical details folded map ;
Dimensions 25 cm.
100 1# - MAIN ENTRY--PERSONAL NAME
Personal name Corfield, F. D.
Fuller form of name (Frank D.),
Dates associated with a name 1902-
9 (RLIN) 18354
245 14 - TITLE STATEMENT
Title The origins and growth of Mau Mau :
Remainder of title an historical survey /
Statement of responsibility, etc [F.D. Corfield].
260 ## - PUBLICATION, DISTRIBUTION, ETC. (IMPRINT)
Place of publication, distribution, etc Nairobi :
Name of publisher, distributor, etc Colony and Protectorate of Kenya,
Date of publication, distribution, etc 1960.
300 ## - PHYSICAL DESCRIPTION
Extent ii, 321 p., [1] leaf of plates :
490 1# - SERIES STATEMENT
Series statement Sessional paper ;
Volume number/sequential designation no. 5 of 1959/60
500 ## - GENERAL NOTE
General note "Published simultaneously as Command paper no. 1030 to be laid in Parliament [under title: Historical survey of the origins and growth of Mau Mau]."
500 ## - GENERAL NOTE
General note Cover title.
504 ## - BIBLIOGRAPHY, ETC. NOTE
Bibliography, etc Includes bibliographical references.
610 20 - SUBJECT ADDED ENTRY--CORPORATE NAME
Corporate name or jurisdiction name as entry element Mau Mau.
9 (RLIN) 5399
650 #0 - SUBJECT ADDED ENTRY--TOPICAL TERM
Topical term or geographic name as entry element Kikuyu (African people)
9 (RLIN) 13107
651 #0 - SUBJECT ADDED ENTRY--GEOGRAPHIC NAME
Geographic name Kenya
General subdivision Politics and government
Chronological subdivision To 1963.
9 (RLIN) 18355
830 #0 - SERIES ADDED ENTRY--UNIFORM TITLE
Uniform title Sessional paper (Kenya. Legislative Council) ;
Volume number/sequential designation 1959/60, no. 5.
9 (RLIN) 18356
942 ## - ADDED ENTRY ELEMENTS (KOHA)
Source of classification or shelving scheme Library of Congress Classification
Koha item type Monograph ( Printed materials)
Holdings
Withdrawn status Lost status Source of classification or shelving scheme Damaged status Not for loan Home library Current library Date acquired Total Checkouts Full call number Barcode Date last seen Date checked out Price effective from Koha item type
    Library of Congress Classification     ARRUPE LIBRARY ARRUPE LIBRARY 16/07/2015 1 DT434.E2 .C64 46500004369 28/05/2019 23/04/2019 16/07/2015 Monograph ( Printed materials)

 

Arrupe Library. PO Box MP320 Mt Pleasant, Harare, Zimbabwe
263 242 745411|librarian@aju.ac.zw